01258nam a2200325Ia 4500001001200000003000800012006001900020007001500039008004100054010001700095020004000112020004300152020001800195040002100213035002100234050002400255082001500279100002000294245007000314260005800384300001500442504005100457533015200508650004000660650004300700655002900743710001700772856012600789999001700915ebr10685127CaPaEBRm u cr cn|||||||||120529s2013 nyu sb s001 0 eng d z 2012017559 z1438446217 (hardcover : alk. paper) z9781438446219 (hardcover : alk. paper) z9781438446233 aCaPaEBRcCaPaEBR a(OCoLC)84056983514aHV8593b.S74 2013eb04a172/.22231 aSteinhoff, Uwe.10aOn the ethics of tortureh[electronic resource] /cUwe Steinhoff. aAlbany :bState Universtiy of New York Press,cc2013. axi, 191 p. aIncludes bibliographical references and index. aElectronic reproduction.bPalo Alto, Calif. :cebrary,d2013.nAvailable via World Wide Web.nAccess may be limited to ebrary affiliated libraries. 0aTorturexMoral and ethical aspects. 0aPunishmentxMoral and ethical aspects. 7aElectronic books.2local2 aebrary, Inc.40uhttp://site.ebrary.com/lib/rucke/Doc?id=10685127zAn electronic book accessible through the World Wide Web; click to view c12937d12937